| 000 | 00315cam a22001097a 4500 | ||
|---|---|---|---|
| 008 | 180718b1975 xxu||||| |||| 00| 0 eng d | ||
| 082 | _aA75 M278NAS | ||
| 245 |
_aMaharashtra state gazetteers: Nasik _cedited by B.G. Kunte |
||
| 260 |
_aBombay _bGazetteers Department _c1975 |
||
| 300 | _a1260+p. | ||
| 700 | _aKunte, B.G. | ||
| 999 |
_c486998 _d486998 |
||